000 01216nam a2200325 a 4500
001 ebr10273668
003 CaPaEBR
006 m u
007 cr cn|||||||||
008 090327r20011986at sb 001 0 eng d
020 _z187675608X
020 _z9781876756086
020 _z9781742191461
040 _aCaPaEBR
_cCaPaEBR
035 _a(OCoLC)427507223
050 1 4 _aHQ1206
_b.R39 2001eb
100 1 _aRaymond, Janice G.
245 1 2 _aA passion for friends
_h[electronic resource] :
_btoward a philosophy of female affection /
_cJanice G. Raymond.
260 _aNorth Melbourne, Vic. :
_bSpinfex,
_c2001.
300 _axv, 275 p.
504 _aIncludes bibliographical references and index.
533 _aElectronic reproduction.
_bPalo Alto, Calif. :
_cebrary,
_d2010.
_nAvailable via World Wide Web.
_nAccess may be limited to ebrary affiliated libraries.
650 0 _aWomen
_xPsychology.
650 0 _aFemale friendship.
650 0 _aInterpersonal relations.
650 0 _aFeminism.
655 7 _aElectronic books.
_2local
710 2 _aebrary, Inc.
856 4 0 _uhttp://site.ebrary.com/lib/rucke/Doc?id=10273668
_zAn electronic book accessible through the World Wide Web; click to view
999 _c21792
_d21792